000 01767nam a2200325 a 4500
003 BLK
005 20240620005257.0
008 180409b bul|||||r ||||||| ||bul||
020 _a954-739-407-Х
040 _aBLK
041 _aBUL
_cBUL
080 _aБългарска литература
_b821.163.2
_x-4
_z821.163.2-4
084 _aК 29
100 _aКаравелов, Любен Стойчев
_d1834-1879
_gПисател, публицист, фолклорист, революционер
_9431119
245 1 0 _aСвобода и независимост
_bПублицистика
_cЛюбен Каравелов; състав. Милен Куманов; под общ. ред. на Иван Гранитски, Панко Анчев.
257 _aBGR
260 _aСофия
_bЗахарий Стоянов
_c2003
_fСофия : Образование и наука
300 _a595 с.
_c20 см
380 _aX
490 _aПоредица Българска класика
_v46
_9201304
653 _aпублицистика
700 1 _aКуманов, Милен Костадинов
_9364365
700 1 _aАнчев, Панко Кирилов
_d1946 -
_gЛитературовед, историк, философ, публицист.
_932971
700 1 _aГранитски, Иван
_qДимитров, Иван Йорданов
_d1953-
_gЖурналист, литературен критик, теоретик и историк, поет, публицист и издател.
_eред.
_955767
852 _aЦб 221641
_bЦб
852 _bП
_c821.163.2-4/К 29 Л
942 _cKNG
_n0
_s1
944 _aCR
_c11.11.2004
_lCRON CRON
_k
999 _c110824
_d110824